| 000 | 00861nam a2200301 a 4500 | ||
|---|---|---|---|
| 003 | AR-BaBNM | ||
| 005 | 20251128210322.0 | ||
| 008 | 082120s2002 ||||||||||||||000 | spa|| | ||
| 040 | _cAR-BaBNM | ||
| 100 | 1 | _aHajnal, John | |
| 245 | 0 | 0 |
_aThe student trap _ba critique of university and sixth-form curricula |
| 250 | _a1ª ed. | ||
| 260 |
_aMiddlesex _bPenguin Books _c1972 |
||
| 300 | _a288 p. | ||
| 504 | _aContiene bibliografía y notas p. 259-277 | ||
| 650 | 4 | _aUNIVERSIDADES | |
| 650 | 4 | _aOBJETIVOS EDUCACIONALES | |
| 650 | 4 | _aCURRICULO | |
| 650 | 4 | _aPROGRAMAS DE ESTUDIOS | |
| 650 | 4 | _aPROFESORES UNIVERSITARIOS | |
| 650 | 4 | _aREFORMA DE LA EDUCACION | |
| 653 | _aEDUCACION SUPERIOR | ||
| 653 | _aINSTITUCIONES EDUCATIVAS | ||
| 653 | _aGESTION UNIVERSITARIA | ||
| 653 | _aPOLITICAS UNIVERSITARIAS | ||
| 942 | _cBK | ||
| 998 | _cRaquel | ||
| 999 |
_c14935 _d14935 |
||